| 000 | 01522nam a2200337 i 4500 | ||
|---|---|---|---|
| 001 | 151010 | ||
| 003 | ES-MaACL | ||
| 005 | 20250809231814.0 | ||
| 007 | t| | ||
| 008 | 071127s1881 sp |||| | spa d | ||
| 080 | _a821.134.2 Calderón de la Barca, Pedro 1.07(067.5) | ||
| 245 | 0 | 3 |
_aEl Ateneo de Madrid en el Centenario de Calderón _b: disertaciones, poesías y discursos / _cde los Señores Sánchez Moguel, Revilla, Ruiz Aguilera, Fernández y González, Palacio, Campillo, Moreno Nieto, Moret y Echegaray. |
| 260 |
_aMadrid : _b[s.n.], _c1881 ( _fGaspar) |
||
| 300 |
_aXV, 213 p. ; _c21 cm. |
||
| 530 | _aDisponible en formato digital. | ||
| 600 | 1 | 4 |
_aCalderón de la Barca, Pedro- _vAniversarios y centenarios _933612 |
| 610 | 2 | 4 |
_aAteneo de Madrid- _vConferencias- _yS.XIX. _91910 |
| 700 | 1 |
_aSánchez Moguel, Antonio, _d1838-1913 _9102783 |
|
| 700 | 1 |
_aRevilla, Manuel de la, _d1846-1881 _996432 |
|
| 700 |
_aRuiz Aguilera, Ventura, _d1820-1881 _9188456 |
||
| 700 | 1 |
_aFernández y González, Manuel, _d1821-1888 _950183 |
|
| 700 | 1 |
_aPalacio, Manuel del, _d1831-1906 _988370 |
|
| 700 | 1 |
_aCampillo y Correa, Narciso, _d1835-1900 _934174 |
|
| 700 | 1 |
_aMoreno Nieto, José, _d1825-1882 _983416 |
|
| 700 | 1 |
_aMoret, Segismundo, _d1833-1913 _9162747 |
|
| 700 | 1 |
_aEchegaray, José, _d1832-1916 _946526 |
|
| 852 |
_aES-MaACL _jG-9600 |
||
| 856 |
_uhttp://bdh-rd.bne.es/viewer.vm?id=0000048351&page=1 _yVersión en línea _zBiblioteca Digital Hispánica |
||
| 942 | _2udc | ||
| 999 |
_c151010 _d151010 |
||